The Evolutionary Biology of Plants /

Contenido: Evolución adaptativa; Especies y especiación; Orígenes y acontecimientos tempranos; La invasión de la tierra y el aire; El paisaje acuático; El paisaje terrestre; Divergencia y convergencia; Tiempos y patrones.

Guardat en:
Dades bibliogràfiques
Autor principal: Niklas, Karl J. (autor)
Format: Llibre
Idioma:anglès
Publicat: Chicago, EUA : University of Chicago, 1997, c1997
Matèries:
Etiquetes: Afegir etiqueta
Sense etiquetes, Sigues el primer a etiquetar aquest registre!

MARC

LEADER 00000nam^a2200000^a^4500
001 000184601
005 20250521000000.0
009 20260310102123.138
020 |a 0-226-58083-0 
037 |a Acervo ITESO - Biblioteca 
041 |a ING 
082 |a 581. 38  |b NIK 
100 |a Niklas, Karl J.  |e (autor) 
245 1 4 |a The Evolutionary Biology of Plants /  |c K.J. Niklas. 
264 4 |a Chicago, EUA :  |b University of Chicago,  |c 1997, c1997 
300 |a XIX, 449 p. 
336 |a texto  |b txt  |2 rdacontenido 
337 |a sin mediación  |b n  |2 rdamedio 
338 |a volumen  |b nc  |2 rdasoporte 
520 |a Contenido: Evolución adaptativa; Especies y especiación; Orígenes y acontecimientos tempranos; La invasión de la tierra y el aire; El paisaje acuático; El paisaje terrestre; Divergencia y convergencia; Tiempos y patrones. 
649 |a XX 
650 |a Plantas -  |x Evolución 
650 |a Adaptación (Biología) 
650 |a Botánica 
910 |a Fondo General 
920 |a Impresos - Libros 
930 |a Colección General 
905 |a 101 
901 |a 0500125699  |b IT1  |c ACC  |u 20250521 
902 |a https://opac.biblio.iteso.mx/vufind/Record/000184601